| 000 | 00687nam a2200229 i 4500 | ||
|---|---|---|---|
| 001 | 16311 | ||
| 003 | ES-MaACL | ||
| 005 | 20240519063022.0 | ||
| 007 | t| | ||
| 008 | 000828s1990 sp ||||1| spa d | ||
| 020 | _a84-87101-27-5 | ||
| 080 | _a821.134.2-14"19" | ||
| 100 | 1 |
_aPadorno, Manuel. _988199 |
|
| 245 | 1 | 3 |
_aEl hombre que llega al exterior _b: (1987-1988) / _cManuel Padorno. |
| 260 |
_aValencia : _bPre-Textos, _c[1990] |
||
| 300 |
_a93 p. ; _c20 cm. |
||
| 490 | 1 |
_aPoesía (Editorial Pre-Textos) ; _v120 |
|
| 830 | 0 | 0 |
_aPoesía (Editorial Pre-Textos) ; _v120 _9236462 |
| 852 |
_aES-MaACL _jL-23561 _bR.128837 |
||
| 942 | _2udc | ||
| 999 |
_c16311 _d16311 |
||